Statistics for Top 100 Biggest Cities in Florida

Click here to take the quiz!

General Stats

  • This quiz has been taken 308 times
  • The average score is 34 of 100

Answer Stats

Population City % Correct
399,457Miami
99%
821,784Jacksonville
98%
238,300Orlando
98%
335,709Tampa
96%
181,376Tallahassee
94%
165,521Fort Lauderdale
89%
244,769St. Petersburg
82%
99,919West Palm Beach
75%
124,354Gainesville
73%
51,923Pensacola
73%
224,669Hialeah
71%
140,768Hollywood
69%
87,779Miami Beach
69%
107,685Clearwater
66%
61,005Daytona Beach
66%
164,603Port St. Lucie
64%
51,917Sarasota
64%
62,298Fort Myers
64%
154,305Cape Coral
63%
84,392Boca Raton
61%
36,484Panama City
58%
97,422Lakeland
55%
154,750Pembroke Pines
55%
56,315Ocala
54%
76,068Melbourne
54%
99,845Pompano Beach
53%
59,682Kissimmee
53%
107,167Miami Gardens
50%
103,190Palm Bay
49%
121,096Coral Springs
48%
122,041Miramar
46%
60,512Homestead
43%
60,522Delray Beach
43%
84,955Plantation
42%
49,546Bradenton
41%
55,156Jupiter
40%
75,018Deerfield Beach
39%
77,648Largo
39%
84,439Sunrise
39%
85,182Deltona
38%
43,761Titusville
36%
46,780Coral Gables
36%
75,180Palm Coast
35%
58,786North Miami
35%
68,217Boynton Beach
35%
91,992Davie
34%
65,333Weston
32%
103,483Brandon
29%
54,392Port Charlotte
29%
34,910Lake Worth
28%
53,570Sanford
28%
41,590Fort Pierce
27%
75,371Kendall
25%
48,452Palm Beach Gardens
25%
66,887Lauderhill
24%
35,762Aventura
23%
98,621Spring Hill
22%
35,321Dunedin
21%
57,439Palm Harbor
21%
43,914Bonita Springs
20%
41,523North Miami Beach
19%
45,704Doral
18%
49,079Pinellas Park
18%
60,427Tamarac
18%
53,284Margate
17%
78,442Town 'n' Country
17%
41,496Altamonte Springs
17%
56,508Wellington
17%
56,048Port Orange
16%
57,357North Port
15%
35,183St. Cloud
15%
37,113Hallandale Beach
15%
51,442The Villages
15%
41,542Apopka
15%
52,909Coconut Creek
13%
86,784Lehigh Acres
13%
38,137Ormond Beach
12%
41,363Oakland Park
12%
35,579Ocoee
11%
71,050Riverview
8%
40,286Cutler Bay
8%
41,023North Lauderdale
6%
39,407North Fort Myers
6%
37,573Greenacres
6%
56,148Kendale Lakes
5%
35,545Valrico
5%
55,271Tamiami
4%
51,003The Hammocks
4%
59,764Fountainebleau
4%
34,743Merritt Island
4%
44,092Wesley Chapel
3%
41,163University
3%
53,193Poinciana
3%
60,076Pine Hills
2%
36,154Kendall West
2%
78,113Alafaya
2%
35,696South Miami Heights
2%
38,704The Acreage
1%
47,105Country Club
1%
35,282Egypt Lake-Leto
1%

Score Distribution

Percentile by Number Answered

Percent of People with Each Score

Your Score History

You have not taken this quiz